The armenian genocide [ (Record no. 174465)
[ view plain ]
| 000 -LEADER | |
|---|---|
| campo de control de longitud fija | 00709ngm a2200217 i 4500 |
| 001 - NÚMERO DE CONTROL | |
| campo de control | 174465 |
| 003 - IDENTIFICADOR DE NÚMERO DE CONTROL | |
| campo de control | ES-MaACL |
| 005 - FECHA Y HORA DE LA ÚLTIMA TRANSACCIÓN | |
| campo de control | 20230906215534.0 |
| 007 - CAMPO FIJO DE DESCRIPCIÓN FÍSICA--INFORMACIÓN GENERAL | |
| campo de control de longitud fija | vd c ai |
| 008 - DATOS DE LONGITUD FIJA--INFORMACIÓN GENERAL | |
| campo de control de longitud fija | 100426s2005 sp --- |01 ||spa d |
| 100 1# - ENTRADA PRINCIPAL--NOMBRE DE PERSONA | |
| Nombre de persona | Jourdan, Laurence. |
| 9 (RLIN) | 142580 |
| 245 14 - MENCIÓN DEL TÍTULO | |
| Título | The armenian genocide [ |
| Medio | Vídeo] |
| Resto del título | = Le génocide arménien / |
| Mención de responsabilidad, etc. | a documentary by Laurence Jourdan. |
| 246 31 - FORMA VARIANTE DEL TITULO | |
| Título propio/Titulo breve | Le génocide arménien |
| 260 ## - PUBLICACIÓN, DISTRIBUCIÓN, ETC. | |
| Lugar de publicación, distribución, etc. | [S.l.] : |
| Nombre del editor, distribuidor, etc. | Arte, |
| Fecha de publicación, distribución, etc. | cop. 2005. |
| 300 ## - DESCRIPCIÓN FÍSICA | |
| Extensión | 1 videodisco (DVD) : |
| Otras características físicas | 52, 46 min. ; |
| Dimensiones | 12 cm. |
| 505 8# - NOTA DE CONTENIDO CON FORMATO | |
| Nota de contenido con formato | Con una entrevista a Yves Ternon |
| 546 ## - NOTA DE IDIOMA | |
| Nota de lengua/lenguaje | En inglés y francés. |
| 610 14 - PUNTO DE ACCESO ADICIONAL DE MATERIA--NOMBRE DE ENTIDAD CORPORATIVA | |
| Nombre de entidad corporativa o nombre de jurisdicción como elemento de entrada | Armenia. |
| 9 (RLIN) | 142581 |
| 700 1# - ENTRADA AGREGADA--NOMBRE PERSONAL | |
| Nombre de persona | Ternon, Ives. |
| 9 (RLIN) | 109759 |
| 852 ## - LOCALIZACIÓN | |
| Ubicación | ES-MaACL |
| Número de control de estantería | ROT 2/4/19 |
| Nota libre | .- DVD |
| Estatus retirado | Estado de pérdida | Fuente del sistema de clasificación o colocación | Estado de daño | No para préstamo | Biblioteca de origen | Biblioteca actual | Ubicación en estantería | Fecha de adquisición | Total de préstamos | Signatura topográfica completa | Código de barras | Visto por última vez | Precio de reemplazo | Tipo de ítem Koha |
|---|---|---|---|---|---|---|---|---|---|---|---|---|---|---|
| Clasificación decimal universal | Biblioteca del Ateneo de Madrid | Biblioteca del Ateneo de Madrid | Depósito | 26/04/2010 | ROT 2/4/19 | 1183137 | 23/02/2023 | 23/02/2023 | DVD |
